<?xml version="1.0" encoding="UTF-8"?>
<collection xmlns="http://www.loc.gov/MARC21/slim">
 <record>
  <leader>02324pam a22002538a 4500</leader>
  <controlfield tag="001">00023088</controlfield>
  <controlfield tag="005">20171026081022.0</controlfield>
  <controlfield tag="008">110609s2004                  ||||||Viesd</controlfield>
  <datafield tag="041" ind1="0" ind2="#">
   <subfield code="a">Vie</subfield>
  </datafield>
  <datafield tag="082" ind1="1" ind2="4">
   <subfield code="a">907</subfield>
   <subfield code="b">NH556V</subfield>
  </datafield>
  <datafield tag="100" ind1="0" ind2="#">
   <subfield code="a">Nguyễn Anh Dũng</subfield>
   <subfield code="e">Chủ biên</subfield>
  </datafield>
  <datafield tag="245" ind1="0" ind2="0">
   <subfield code="a">Những vấn đề chung về bộ môn phương pháp dạy học lịch sử ở trường CĐSP</subfield>
   <subfield code="c">Nguyễn Anh Dũng; Trần Vĩnh Tường</subfield>
  </datafield>
  <datafield tag="260" ind1="#" ind2="#">
   <subfield code="a">H.</subfield>
   <subfield code="b">Đại Học Sư Phạm</subfield>
   <subfield code="c">2004</subfield>
  </datafield>
  <datafield tag="300" ind1="#" ind2="#">
   <subfield code="a">78 tr.</subfield>
   <subfield code="c">24 cm.</subfield>
  </datafield>
  <datafield tag="500" ind1="#" ind2="#">
   <subfield code="a">ĐBS: Bộ giáo dục và đào tạo; Dự án đào tạo giáo viên THCS</subfield>
  </datafield>
  <datafield tag="653" ind1="#" ind2="#">
   <subfield code="a">Lịch sử ở trường CĐSP</subfield>
  </datafield>
  <datafield tag="653" ind1="#" ind2="#">
   <subfield code="a">Phương pháp giảng dạy lịch sử</subfield>
  </datafield>
  <datafield tag="700" ind1="0" ind2="#">
   <subfield code="a">Trần Vĩnh Tường</subfield>
  </datafield>
  <datafield tag="852" ind1="#" ind2="#">
   <subfield code="b">Kho giáo trình</subfield>
   <subfield code="j">KGT.0026039, KGT.0026040, KGT.0026041, KGT.0026042, KGT.0026043, KGT.0026044, KGT.0026045, KGT.0026046, KGT.0026047, KGT.0026048, KGT.0026049, KGT.0026050, KGT.0026051, KGT.0026052, KGT.0026053, KGT.0026054, KGT.0026055, KGT.0026056, KGT.0026057, KGT.0026058, KGT.0026059, KGT.0026060, KGT.0026061, KGT.0026062, KGT.0026063, KGT.0026064, KGT.0026065, KGT.0026066, KGT.0026067, KGT.0026068, KGT.0026069, KGT.0026070, KGT.0026071, KGT.0026072, KGT.0026073, KGT.0026074, KGT.0026075, KGT.0026076, KGT.0026077, KGT.0026078, KGT.0026079, KGT.0026080, KGT.0026081, KGT.0026082, KGT.0026083, KGT.0026084, KGT.0026085, KGT.0026086, KGT.0026087</subfield>
  </datafield>
  <datafield tag="852" ind1="#" ind2="#">
   <subfield code="b">Kho mượn</subfield>
   <subfield code="j">KGT.0026039</subfield>
  </datafield>
  <datafield tag="852" ind1="#" ind2="#">
   <subfield code="b">Kho đọc</subfield>
   <subfield code="j">KD.0009870</subfield>
  </datafield>
  <datafield tag="852" ind1="#" ind2="#">
   <subfield code="j">KD.0009870</subfield>
   <subfield code="j">KGT.0026040</subfield>
   <subfield code="j">KGT.0026041</subfield>
   <subfield code="j">KGT.0026043</subfield>
   <subfield code="j">KGT.0026044</subfield>
   <subfield code="j">KGT.0026046</subfield>
   <subfield code="j">KGT.0026047</subfield>
   <subfield code="j">KGT.0026049</subfield>
   <subfield code="j">KGT.0026050</subfield>
   <subfield code="j">KGT.0026052</subfield>
   <subfield code="j">KGT.0026053</subfield>
   <subfield code="j">KGT.0026055</subfield>
   <subfield code="j">KGT.0026062</subfield>
   <subfield code="j">KGT.0026064</subfield>
   <subfield code="j">KGT.0026065</subfield>
   <subfield code="j">KGT.0026067</subfield>
   <subfield code="j">KGT.0026069</subfield>
   <subfield code="j">KGT.0026070</subfield>
   <subfield code="j">KGT.0026072</subfield>
   <subfield code="j">KGT.0026073</subfield>
   <subfield code="j">KGT.0026075</subfield>
   <subfield code="j">KGT.0026076</subfield>
   <subfield code="j">KGT.0026078</subfield>
   <subfield code="j">KGT.0026079</subfield>
   <subfield code="j">KGT.0026081</subfield>
   <subfield code="j">KGT.0026082</subfield>
   <subfield code="j">KGT.0026084</subfield>
   <subfield code="j">KGT.0026085</subfield>
   <subfield code="j">KGT.0026087</subfield>
   <subfield code="j">KGT.0026057</subfield>
   <subfield code="j">KGT.0026058</subfield>
   <subfield code="j">KGT.0026059</subfield>
   <subfield code="j">KGT.0026061</subfield>
   <subfield code="j">KGT.0026039</subfield>
   <subfield code="j">KGT.0026042</subfield>
   <subfield code="j">KGT.0026045</subfield>
   <subfield code="j">KGT.0026048</subfield>
   <subfield code="j">KGT.0026051</subfield>
   <subfield code="j">KGT.0026056</subfield>
   <subfield code="j">KGT.0026060</subfield>
   <subfield code="j">KGT.0026063</subfield>
   <subfield code="j">KGT.0026066</subfield>
   <subfield code="j">KGT.0026068</subfield>
   <subfield code="j">KGT.0026071</subfield>
   <subfield code="j">KGT.0026054</subfield>
   <subfield code="j">KGT.0026074</subfield>
   <subfield code="j">KGT.0026077</subfield>
   <subfield code="j">KGT.0026080</subfield>
   <subfield code="j">KGT.0026083</subfield>
   <subfield code="j">KGT.0026086</subfield>
  </datafield>
  <datafield tag="910" ind1="0" ind2="#">
   <subfield code="a">ngọc</subfield>
   <subfield code="d">09/06/2011</subfield>
  </datafield>
  <datafield tag="980" ind1="#" ind2="#">
   <subfield code="a">Trung tâm Học liệu Lê Vũ Hùng, Trường Đại học Đồng Tháp</subfield>
  </datafield>
 </record>
</collection>
